| Поле | Инд. | ПП | Название | Значение |
|---|---|---|---|---|
| Тип записи | a | |||
| Библиографический уровень | m | |||
| 001 | Контрольный номер | RU/LIBMSTU/328807358 | ||
| 005 | Дата корректировки | 20240418100552.3 | ||
| 008 | Кодируемые данные | 100604|||||||||ru |||||||||||000|||rus|| | ||
| 020 | a | ISBN | 978-5-4222-0004-7 | |
| c | Цена, тираж | 130-00 | ||
| 040 | b | Код языка каталог. | rus | |
| 041 | 0_ | a | Код языка текста | rus |
| 084 | a | Индекс другой классификации/Индекс ББК | 26.89(88) | |
| 090 | a | Полочн. индекс | 26.89(88) | |
| x | Авторский знак | Б 44 | ||
| 100 | 1_ | a | Автор | Беляев Д. П. |
| 245 | 10 | a | Заглавие | Архипелаги акватории Баренцева моря: история освоения и изучения (вторая половина XIX-первая треть XX вв.) |
| b | Продолж. заглавия | монография | ||
| c | Ответственность | М-во образования и науки Рос. Федерации, Мурман. гос. пед. ун-т | ||
| 260 | a | Место издания | Мурманск | |
| b | Издательство | Изд-во МГПУ | ||
| c | Дата издания | 2010 | ||
| 300 | a | Объем | 163 с. | |
| b | Иллюстрации/ тип воспроизводства | цв. ил. | ||
| 500 | a | Примечание | Имеется электрон. аналог 2010 г. | |
| 504 | a | Библиография | Библиогр.: с. 133-140 | |
| 583 | x | Служебное примечание | Арктические исследования | |
| x | Служебное примечание | Краеведческий каталог | ||
| 650 | 04 | a | Основная рубрика | Арктика-Освоение |
| 651 | _4 | a | Географическое наименование | Арктика |
| 651 | _4 | a | Географическое наименование | Новая Земля |
| 651 | _4 | a | Географическое наименование | Баренцево море |
| 651 | _4 | a | Географическое наименование | Русский Север |
| 653 | 0_ | a | Ключевые слова | Исследования арктические |
| a | Ключевые слова | Архипелаги арктические | ||
| a | Ключевые слова | Исследования экспедиционные | ||
| a | Ключевые слова | Колонизация | ||
| a | Ключевые слова | Освоение баренцевоморских архипелагов | ||
| a | Ключевые слова | Работы научно-исследовательские | ||
| a | Ключевые слова | Монографии | ||
| 901 | t | Тип документа | m | |
| 952 | c | Вид литературы | монография |